书目信息 |
| 题名: |
技规附件学与用
|
|
| 作者: | 方晨 著 | |
| 分册: | ||
| 出版信息: | 北京 中国铁道出版社 2001.09 |
|
| 页数: | 229页 | |
| 开本: | 19cm | |
| 丛书名: | ||
| 单 册: | ||
| 中图分类: | U29-65 | |
| 科图分类: | ||
| 主题词: | 铁路运输--tie lu yun shu--技术管理--规程 | |
| 电子资源: | ||
| ISBN: | 7-113-04224-4 | |
| 000 | 00725nam0 2200229 450 | |
| 001 | 012008914137 | |
| 005 | 20080315101556.96 | |
| 010 | @a7-113-04224-4@dCNY13.00 | |
| 100 | @a20080315d2001 km y0chiy0120 ea | |
| 101 | 0 | @achi |
| 102 | @aCN@b110000 | |
| 105 | @ay z 000yy | |
| 106 | @ar | |
| 200 | 1 | @a技规附件学与用@Aji gui fu jian xue yu yong@f方晨著@Ffang chen zhu |
| 210 | @a北京@c中国铁道出版社@d2001.09 | |
| 215 | @a229页@d19cm | |
| 330 | @a本书内包括路票、绿色许可证、红色许可证、调度命令、出站跟踪调车通知书和轻型车辆使用。 | |
| 606 | 0 | @a铁路运输@Atie lu yun shu@x技术管理@x规程 |
| 690 | @aU29-65@v4 | |
| 701 | 0 | @a方晨@Afang chen@4著 |
| 801 | 0 | @aCN@bQSSK@c20080315 |
| 905 | @b20283357-59@dU29-65@eF185@f3 | |
| 技规附件学与用/方晨著.-北京:中国铁道出版社,2001.09 |
| 229页;19cm |
| ISBN 7-113-04224-4:CNY13.00 |
| 本书内包括路票、绿色许可证、红色许可证、调度命令、出站跟踪调车通知书和轻型车辆使用。 |
| ● |
| 相关链接 |
|
|
|
正题名:技规附件学与用
索取号:U29-65/F185
 
预约/预借
| 序号 | 登录号 | 条形码 | 馆藏地/架位号 | 状态 | 备注 |
| 1 | 283357 | 202833577 | 自科库501/501自科库 50排3列3层/ [索取号:U29-65/F185] | 在馆 | |
| 2 | 283358 | 202833586 | 自科库501/501自科库 50排3列3层/ [索取号:U29-65/F185] | 在馆 | |
| 3 | 283359 | 202833595 | 自科库501/501自科库 50排3列3层/ [索取号:U29-65/F185] | 在馆 |